000 00354nam a2200157Ia 4500
100 _aKumarawadu/Sisil
650 _aModeling
942 _cBK
366 _f20
654 _amodeling
245 _aModeling and control of vehicular and robotic systems
260 _bNarosa
_c2009
082 _a.
_bKUM
300 _a159
546 _aENGLISH
_cInfo.Tech
999 _c28456
_d28456